000 00922nam a2200241 i 4500
001 8475
003 ES-MaACL
005 20230906145450.0
008 920622s1990 sp ||||1| spa d
020 _a84-7196-853-3
080 _a330.191.6(4)
080 _a336(4)
245 0 3 _aLa fiscalidad y la libertad de movimiento de capitales en la Comunidad Europea
_b: repercusiones para España /
_cpor Asesoramiento y Dictámenes, S.A.
250 _a2ª ed.
260 _aMadrid :
_bInstituto de Estudios de Prospectiva,
_c1990.
300 _aXXXIV, 192 p. ;
_c24 cm.
490 1 _aInformes del Instituto de Estudios de Prospectiva ;
_v1
650 1 4 _aCirculación de capitales-
_zPaíses de la Unión Europea.
_911047
710 2 _aInstituto de Estudios de Prospectiva (Madrid)
_94897
830 1 _aInformes del Instituto de Estudios de Prospectiva ;
_v1
_9178147
852 _aES-MaACL
_jL-15828
999 _c8475
_d8475